000 00644nam a2200181 4500
008 011025s1991 ch chiCO
020 _a9575560892
090 _aBV4811
_bM96i
100 1 _a慕安得烈 Murray, Andrew
245 1 0 _a聖靈啟示的訣要The secret of inspiration{ch} /
_c慕安得烈 Andrew Murray.
260 _aTaiwan :
_b橄欖基金會 Youth For Christ,
_cc1991.
300 _a91 p.
650 4 _aChristian life
_xMeditations{ch}.
650 4 _aDevotional literature{ch}.
650 4 _aHoly Spirit
_xMeditations{ch}.
650 4 _aMeditations{ch}.
951 _pC-3475
_x00010714
_oBV4811/M96i
_j070613111011765
_d2000-12-21
_cCH
999 _c4547
_d4547